Die Presse

Bibliographic Details
Format: Journal
Language:English
Published: Vienna : Die Presse Verlags GmbH & Co KG, 1946-
Subjects:
Online Access:http://www.vlex.com/source/7304

MARC

LEADER 00000nas a22000007a 4500
005 20130325150732.0
007 cr|||| ||||
008 130325c19469999au dr|p s|||| 0||| 1eng d
035 |a 7304 
040 |a vLex 
090 |c 4008  |d 4008 
245 0 4 |a Die Presse  |h [Recurso electrn̤ico]  
256 |a Servicio en ln̕ea 
260 |a Vienna :  |b Die Presse Verlags GmbH & Co KG,   |c 1946- 
300 |a 1 Recurso electrn̤ico 
506 |d vLex Global  |d vLex Global (Academic Edition, excluding Law Schools)  |d vLex Global (U.S. Academic Edition, Law Schools)  |d vLex Global (U.S. Academic Edition, excluding Law Schools)  |d vLex Global (Academic Edition, Law Schools) 
650 0 4 |a Informacin̤ general  |v Revistas  |z Austria 
740 |a vLex Revistas (Servicio en ln̕ea) 
856 |a Acceso restringido  |u http://www.vlex.com/source/7304 
942 |c REV 
999 0 |a News